Statistics for Countries With the Highest Aerospace Exports

Click here to take the quiz!

General Stats

  • This quiz has been taken 36 times
  • The average score is 12 of 15

Answer Stats

U.S. Dollars (billions)Country% Correct
2.7China
100%
13.8United Kingdom
100%
89.1United States
100%
31.0France
97%
27.6Germany
97%
0.7Japan
94%
5.2Italy
91%
10.5Canada
89%
4.7Spain
89%
2.6Brazil
74%
2.4Netherlands
63%
1.9Switzerland
60%
3.4Ireland
43%
2.4Israel
43%
4.2Singapore
17%

Score Distribution

Percentile by Number Answered

Percent of People with Each Score

Your Score History

You have not taken this quiz